Optimalizácia nákladov podniku pomocou efektívnej logistiky skladovania v podniku

Skladové hospodárstvo v podniku. Sklady podľa druhu zásob. Sklady podľa druhu skladovacích činností. Výrobne orientované, spotrebne orientované a medziľahlé sklady. Charakteristika a fungovanie medziskladov. Medzioperačné sklady. Skladovanie a výroba. Skladovanie a preprava.

Salvato in:
Dettagli Bibliografici
Autore principale: Dudek, Slavomír
Natura: Capitolo di libro
Lingua:slovacco
Soggetti:
Tags: Aggiungi Tag
Nessun Tag, puoi essere il primo ad aggiungerne!!

MARC

LEADER 00000nla$a2200000$$$4500
001 0068519
005 20240502071829.0
041 0 |a slo 
044 |a SK 
245 1 0 |a Optimalizácia nákladov podniku pomocou efektívnej logistiky skladovania v podniku  |c Slavomír Dudek 
520 |a Skladové hospodárstvo v podniku. Sklady podľa druhu zásob. Sklady podľa druhu skladovacích činností. Výrobne orientované, spotrebne orientované a medziľahlé sklady. Charakteristika a fungovanie medziskladov. Medzioperačné sklady. Skladovanie a výroba. Skladovanie a preprava. 
610 2 0 |a skladovanie 
610 2 0 |a sklady 
610 2 0 |a tok materiálu 
610 2 0 |a zásoby 
610 2 0 |a distribúcia 
610 2 0 |a preprava 
610 2 0 |a náklady 
610 2 0 |a logistika 
100 1 |a Dudek, Slavomír